Best golf course management practices
| Main Author: | |
|---|---|
| Format: | Book |
| Published: |
New Jersey :
Prentics Hall ,
2001
|
| Subjects: |
MARC
| LEADER | 00000cam a2200000 7i4500 | ||
|---|---|---|---|
| 001 | 0000012087 | ||
| 005 | 20050422.0 | ||
| 020 | |a 013088359X | ||
| 040 | |a INS | ||
| 090 | 0 | 0 | |a GV975.5 |b M33 2001 |
| 100 | 1 | |a Mc Carty, L.B. | |
| 245 | 1 | 0 | |a Best golf course management practices |c L.B Mc Carty |
| 260 | |a New Jersey : |b Prentics Hall , |c 2001 | ||
| 300 | |a xxvi : |b 672p ; |c 29cm. | ||
| 650 | 0 | 0 | |a Golf courses |x Management |
| 650 | 0 | 0 | |a Turf management |
| 999 | |a 0000012849 |b BOOK |c Open Shelf |e Default branch | ||